01366nam a22001577a 4500008004100000020001800041050001400059100004700073245007200120260003100192300001800223500003300241504004900274505084700323650003801170190702s2016 mx a|||| |||| 000 0 spa d a9789681854065 4aRT71bL431 aLedesma Pérez, María del Carmeneautor10aFundamentos de enfermeríac/ María del Carmen Ledesma Pérez 3 aMéxicob: Limusac, 2016 a369 páginas aIncluye apéndice (359-365) aIncluye bibliografía general (pp. 367-369)1 aLa enfermería como profesión Filosofía en la enfermería La formación de la enfermería El hombre ¿Qué es el hombre? Proceso salud-enfermedad El hospital, una necesidad en la vida humana El paciente como persona Valoración del estado de salud del paciente Examen físico y recolección de muestras para estudio Manejo de fármacos en el hospital Necesidades para la supervivencia del hombre Necesidad de higiene Necesidad de descanso y alivio del dolor Necesidades de movimiento y ejercicio Necesidad de seguridad y protección Necesidades básicas del hombre Necesidad de oxígeno Necesidad de alimentación Necesidad de eliminación Necesidad de hidratación Necesidad de termorregulación Necesidades adquiridas Asistencia al enfermo terminal y a su familia Proceso de atención de enfermería, trabajo en equipo14aENFERMERIAxESTUDIO Y ENSEÑANZA